Retrato en sepia (Registro nro. 200076)

Detalles MARC
001 - NÚMERO DE CONTROL
campo de control 663767
005 - FECHA Y HORA DE LA ÚLTIMA TRANSACCIÓN
campo de control 20260506091236.0
008 - DATOS DE LONGITUD FIJA--INFORMACIÓN GENERAL
campo de control de longitud fija 010514e20060921 spa
020 ## - NÚMERO INTERNACIONAL ESTÁNDAR DEL LIBRO
Número Internacional Estándar del Libro 9586392988
035 ## - NÚMERO DE CONTROL DEL SISTEMA
Número de control de sistema 663767
035 ## - NÚMERO DE CONTROL DEL SISTEMA
Número de control de sistema (OCoLC)777794006
040 ## - FUENTE DE LA CATALOGACIÓN
Centro/agencia transcriptor comduadb
041 ## - CÓDIGO DE LENGUA
Código de lengua del texto/banda sonora o título independiente spa
082 #4 - NÚMERO DE LA CLASIFICACIÓN DECIMAL DEWEY
Número de clasificación 863
100 10 - ENTRADA PRINCIPAL--NOMBRE DE PERSONA
Nombre de persona Allende, Isabel,
Fechas asociadas al nombre 1942-
Código de función aut
Término indicativo de función/relación Autor/a
9 (RLIN) 240149
245 10 - MENCIÓN DE TÍTULO
Título Retrato en sepia
250 ## - MENCIÓN DE EDICIÓN
Mención de edición 1. ed.
260 ## - PUBLICACIÓN, DISTRIBUCIÓN, ETC.
Lugar de publicación, distribución, etc. Bogotá :
Nombre del editor, distribuidor, etc. Debolsillo,
Fecha de publicación, distribución, etc. 2006.
300 ## - DESCRIPCIÓN FÍSICA
Extensión 364 páginas
490 0# - MENCIÓN DE SERIE
Mención de serie Biblioteca de Bolsillo
520 3# - SUMARIO, ETC.
Sumario, etc. Es una novela bastante lírica pero no está centrada en el romance; este fragmento es sólo es la tercera parte de la totalidad de la obra. Es una obra que se podría inscribir en el género biográfico como lo es David Copperfield o Jane Eyre. Hay algunas similitudes con la vida de Isabel Allende, por lo que se puede pensar que algunos fragmentos son tomadas de la vida real de la escritora. La novela describe también la historia política de Chile, en particular la Guerra del Pacífico e Isabel Allende muestra su rechazo a la guerra y su actitud pacifista. También, al igual que la escritora, algunos personajes femeninos como Nívea, Aurora y Matilda son feministas y tienen ideas liberales, a diferencia de Paulina del Valle, que es totalmente conservadora. El estilo es similar a obras estadounidenses, en particular la primera parte, que tiene similitudes con la obra de Howard Fast. Tal vez sea porque describen un lugar común, San Francisco; esa primera parte de la novela se parece a la novela Los inmigrantes. Los personajes tienen una gran profundidad psicológica, hecho que es más notable por estar escrita en primera persona de forma que el lector tiene acceso directamente a los pensamientos de Aurora del Valle. Allende ha escrito varias obras de ficción histórica y se puede apreciar que es una experta en el género; sus descripciones de una época en la que no vivió se atienen a la realidad completamente.<br/>Isabel Allende despliega su buen sentido del humor; muchos apartes están escritos con ironía y tal vez un poco de cinismo. La parte histórica de la novela, las descripciones de la Guerra del Pacífico, son muy crudas y realistas, sin embargo. Por ejemplo, en una escena se puede prácticamente sentir el dolor de Severo del Valle cuando le es amputada su pierna, debido a la exactitud de la descripción. Esta guerra está descrita de una forma que tal vez intente mostrar lo absurda y sanguinaria que fue, tanto para vencedores como vencidos...
650 #7 - PUNTO DE ACCESO ADICIONAL DE MATERIA--TÉRMINO DE MATERIA
Término de materia o nombre geográfico como elemento de entrada Novela chilena
Fuente del encabezamiento o término lemb
9 (RLIN) 31704
650 #7 - PUNTO DE ACCESO ADICIONAL DE MATERIA--TÉRMINO DE MATERIA
Término de materia o nombre geográfico como elemento de entrada Autores chilenos
Fuente del encabezamiento o término lemb
9 (RLIN) 29714
650 #7 - PUNTO DE ACCESO ADICIONAL DE MATERIA--TÉRMINO DE MATERIA
Término de materia o nombre geográfico como elemento de entrada Literatura chilena
Fuente del encabezamiento o término lemb
9 (RLIN) 5015
942 ## - ELEMENTOS DE ENTRADA AGREGADA (KOHA)
Tipo de ítem Koha Libros
Existencias
Estado de retiro Estado de pérdida Estado dañado No para préstamo Código de colección Localización permanente Ubicación/localización actual Fecha de adquisición Fuente de adquisición Coste, precio normal de compra Número de inventario Total de préstamos Signatura topográfica completa Código de barras Fecha visto por última vez Número de copia Precio válido a partir de Tipo de ítem Koha
        Colección de Literatura Latinoamericana (Piso 1) Biblioteca Carlos Gaviria Díaz, Campus Medellín Biblioteca Carlos Gaviria Díaz, Campus Medellín 23/04/2023 CIS (Corporacion Interuniversitaria de Servicios) 39000.00 C681280   Ch863 A432re 0709219 23/04/2023 1 23/04/2023 Libros